Vietnam rural energy project southern region

Gardado en:
Detalles Bibliográficos
Nhiều tác giả của công ty: Electricity of Vietnam, Power company No.2
Formato: Libro
Idioma:Undetermined
Publicado: Washington DC The World Bank 2003
Các nhãn: Engadir etiqueta
Sen Etiquetas, Sexa o primeiro en etiquetar este rexistro!
Thư viện lưu trữ: Trung tâm Học liệu Trường Đại học Cần Thơ
LEADER 00505nam a2200169Ia 4500
001 CTU_62669
008 210402s9999 xx 000 0 und d
082 |a 363.61 
082 |b E37si 
110 |a Electricity of Vietnam 
110 |b Power company No.2 
245 0 |a Vietnam rural energy project southern region 
245 0 |c Electricity of Vietnam. Power company No.2 
260 |a Washington DC 
260 |b The World Bank 
260 |c 2003 
980 |a Trung tâm Học liệu Trường Đại học Cần Thơ